Представление документа в формате RUSMARC

ПолеНазваниеЗначение
  Тип записи a
  Библиографический уровень a
001 Контрольный номер UONB/MAIN/c9c554e1a06c48029842cc1ad764885b
005 Дата корректировки 20260409112118.9
100 Данные общей обработки __
a Данные общей обработки 20260409 ||| 0rusy0189 ca
101 Язык документа 0_
a Язык текста rus
102 Страна публикации __
a Страна публикации RU
200 Заглавие и сведения об ответственности 1_
a Заглавие Век на страже прав людей
203 Вид содержания и тип средства __
a Вид содержания Текст
b Характеристика содержания визуальный
c Тип средства непосредственный
215 Физическое описание __
c Иллюстрации/тип воспроизводства ил., портр.
330 Аннотация __
a Аннотация История нотариата Инзенского района.
461 Уровень набора _0
1 2000
a Вперёд
463 Уровень физической единицы _0
1 2000
a № 13 (11336) (27 марта)
v С. 4
1 2101
d 2026
1 001UONB/MAIN/6899bd1d0bba4dcca1508a1a0cc36064
600 Персоналии _1
a Персоналии (Фамилия) Лысякова
b Персоналии (Имя, инициалы) Н. П.
g Полное имя Нина Павловна
600 Персоналии _1
a Персоналии (Фамилия) Шляпкина
b Персоналии (Имя, инициалы) И. В.
g Полное имя Ирина Васильевна
600 Персоналии _1
a Персоналии (Фамилия) Браташова
b Персоналии (Имя, инициалы) В. А.
g Полное имя Венеря Ахатовна
600 Персоналии _1
a Персоналии (Фамилия) Моисеева
b Персоналии (Имя, инициалы) Т. В.
g Полное имя Татьяна Васильевна
600 Персоналии _1
a Персоналии (Фамилия) Жучкова
b Персоналии (Имя, инициалы) Д. Д.
g Полное имя Динара Джаферовна
601 Наименование организации как предмет 02
a Наименование организации как предмет Инзенская государственная нотариальная контора
607 Географические рубрики __
a Географическое наименование Инзенский район (Ульяновская область)
610 Ключевые слова 0_
a Ключевые слова нотариат; история нотариата; нотариальная деятельность; нотариусы
686 Индексы других классификаций __
2 Код системы rubbk
a Классификационный индекс 67.692.19
801 Источник записи _0
a Страна RU
b Организация Ульяновская ОНБ
c Дата составления 20260409
g Правила каталогизации RCR
801 Источник записи _1
a Страна RU
b Организация Ульяновская ОНБ
c Дата составления 20260409
g Правила каталогизации RCR
901 Тип документа __
t Тип документа f
w Контрольный № источника UONB/MAIN/6899bd1d0bba4dcca1508a1a0cc36064
909 Создатель записи __
a Создатель записи Мухаметжанова
b Дата создания записи 20260409